[Event "British Chess Championships 2023: First Rapidplay Open"]
[Site "The Venue, De Montfort University, 20 Western Boulevard, Leicester, LE2 7BU"]
[Date "2023.07.21"]
[Round "6"]
[Board "12"]
[White "Kairat, Alexander"]
[Black "Ledger, Stephen C"]
[Result "0-1"]
[WhiteElo "1745"]
[BlackElo "2097"]
[PlyCount "0"]
[EventDate "2023.07.21"]
[EventRounds "7"]
[EventCountry "ENG"]

1. e4 d5 2. exd5 Qxd5 3. Nc3 Qd6 4. Nf3 Nf6 5. d4 c6 6. Bd3 Bg4 7. Be3 e6 8. h3 Bh5
9. g4 Bg6 10. Qd2 Nbd7 11. a3 Qc7 12. O-O-O b5 13. Bf4 Bd6 14. Ne5 Bxd3 15. Nxd3
Nb6 16. Bxd6 Qxd6 17. Ne5 O-O 18. h4 Rfd8 19. h5 Nc4 20. Nxc4 bxc4 21. Rdg1 Qxd4
22. Qe2 Nd5 23. Nxd5 Rxd5 24. g5 c3 25. g6 Qd2+ 26. Qxd2 cxd2+ 27. Kd1 fxg6 28. hxg6
h6 29. Rh3 Rf8 30. Rf1 Rf6 31. Rd3 Rxg6 32. Rxd2 Kf7 33. b4 Rg4 34. f4 Kf6 35. c4
Rxd2+ 36. Kxd2 Kf5 37. a4 Rg3 38. Kc2 h5 39. b5 cxb5 40. axb5 Ke4 41. c5 Kd4 42.
c6 Rc3+ 43. Kb2 Rc5 44. Rc1 Rxb5+ 45. Ka3 Rb8 46. c7 Rc8 47. Ka4 Ke4 48. Rc4 Kf5
49. Kb5 h4 50. Kc6 h3 51. Rc3 Kg4 52. Kb7 Rxc7+ 53. Rxc7 g6 54. Kxa7 Kxf4 55. Rh7
Kg4 56. Rh6 g5 57. Rxe6 h2 58. Rh6 Kg3 59. Kb6 g4 60. Kc5 Kg2 61. Kd4 g3 62. Ke3
h1=Q 63. Rxh1 Kxh1 64. Kf3 g2 65. Kg3 g1=Q+ 66. Kh3 Qg8 67. Kh4 Kg2 68. Kh5 Kf3 69.
Kh6 Kf4  0-1

[Event "British Chess Championships 2023: First Rapidplay Open"]
[Site "The Venue, De Montfort University, 20 Western Boulevard, Leicester, LE2 7BU"]
[Date "2023.07.21"]
[Round "6"]
[Board "13"]
[White "Talbot, Mark A"]
[Black "Khan, Mohammed"]
[Result "1-0"]
[WhiteElo "2058"]
[BlackElo "1806"]
[PlyCount "0"]
[EventDate "2023.07.21"]
[EventRounds "7"]
[EventCountry "ENG"]

1. d4 Nf6 2. Bf4 d5 3. e3 Bf5 4. c4 c5 5. Nc3 Qa5 6. Qb3 b6 7. cxd5 cxd4 8. exd4
Nbd7 9. Bd2 b5 10. Nxb5 Qd8 11. Rc1 Rc8 12. Bc4 Nb6 13. Nf3 a6 14. Na3 Nxc4 15. Rxc4
Qxd5 16. O-O Rxc4 17. Nxc4 e6 18. Nfe5 Be7 19. Qb8+ Bd8 20. Ne3 Qxd4 21. Ba5 O-O
22. Rd1 Bxa5 23. Qxf8+ Kxf8 24. Rxd4 Bb6 25. Nxf5 exf5 26. Nd7+ Nxd7 27. Rxd7 a5
28. Kf1 Ke8 29. Rb7 Bd4 30. Ke2  1-0

[Event "British Chess Championships 2023: First Rapidplay Open"]
[Site "The Venue, De Montfort University, 20 Western Boulevard, Leicester, LE2 7BU"]
[Date "2023.07.21"]
[Round "6"]
[Board "14"]
[White "Dhemrait, Jagdeep"]
[Black "Agrawal, Shivam"]
[Result "0-1"]
[WhiteElo "1718"]
[BlackElo "1998"]
[PlyCount "0"]
[EventDate "2023.07.21"]
[EventRounds "7"]
[EventCountry "ENG"]

1. e4 c6 2. d4 d5 3. e5 Bf5 4. Nd2 e6 5. h4 h5 6. Ngf3 c5 7. c3 Nc6 8. Nb3 c4 9.
Nbd2 b5 10. a4 a6 11. axb5 axb5 12. Rxa8 Qxa8 13. Be2 Nge7 14. Ng5 Bg6 15. g4 hxg4
16. Bxg4 b4 17. h5 bxc3 18. bxc3 Qa1 19. O-O Bd3 20. Re1 Qxc3 21. Qf3 Nf5 22. Bxf5
Nxd4 23. Qe3 Rxh5 24. Bxd3 cxd3 25. Ndf3 Bc5 26. Nxd4 Bxd4 27. Qd2 Rxg5+ 28. Kf1
Qxd2 29. Bxd2 Rxe5  0-1

[Event "British Chess Championships 2023: First Rapidplay Open"]
[Site "The Venue, De Montfort University, 20 Western Boulevard, Leicester, LE2 7BU"]
[Date "2023.07.21"]
[Round "6"]
[Board "15"]
[White "Goss, Alex"]
[Black "Kothari, Jai"]
[Result "1-0"]
[WhiteElo "1781"]
[BlackElo "1966"]
[PlyCount "0"]
[EventDate "2023.07.21"]
[EventRounds "7"]
[EventCountry "ENG"]

1. e4 e5 2. Nf3 Nc6 3. d4 exd4 4. Bc4 Nf6 5. e5 d5 6. Bb5 Ne4 7. Nxd4 Bd7 8. Bxc6
bxc6 9. O-O Bc5 10. f3 Ng5 11. f4 Ne4 12. Be3 O-O 13. Nd2 Nxd2 14. Qxd2 Qe7 15. Nb3
Bb6 16. a4 a5 17. Qf2 Rfb8 18. Rae1 Bf5 19. h3 h5 20. Bxb6 Rxb6 21. Nd4 Qd7 22. b3
c5 23. Nxf5 Qxf5 24. Qxc5 Rg6 25. Qxd5 Raa6 26. Qd3 Qxd3 27. cxd3 Rab6 28. Rb1 Rgc6
29. d4 Rc3 30. Rf3 Rc2 31. Rd3 Rb4 32. h4 Kf8 33. Kh2 c5 34. Rbd1 cxd4 35. Rxd4 Rxb3
36. Rd8+ Ke7 37. R8d7+ Ke6 38. R1d6+ Kf5 39. Rxf7+ Ke4 40. e6 Rbb2 41. Rxg7 Re2 42.
e7 Kxf4 43. Rf6+ Ke5 44. e8=Q+ Kxf6 45. Rf7+ Kg6 46. Qg8+ Kh6 47. Rh7#  1-0

[Event "British Chess Championships 2023: First Rapidplay Open"]
[Site "The Venue, De Montfort University, 20 Western Boulevard, Leicester, LE2 7BU"]
[Date "2023.07.21"]
[Round "6"]
[Board "16"]
[White "Gopakumar, Siddharth"]
[Black "Dayal, Samar"]
[Result "1-0"]
[WhiteElo "1881"]
[BlackElo "1676"]
[PlyCount "0"]
[EventDate "2023.07.21"]
[EventRounds "7"]
[EventCountry "ENG"]

1. e4 c5 2. Nf3 d6 3. d4 cxd4 4. Qxd4 Nc6 5. Qe3 g6 6. c3 Bg7 7. Bc4 Nf6 8. h3 O-O
9. O-O Nd7 10. Nbd2 Nde5 11. Nxe5 Nxe5 12. f4 Nxc4 13. Nxc4 Be6 14. Nd2 a6 15. Nf3
Rc8 16. Nd4 b5 17. Nxe6 fxe6 18. a4 e5 19. Qa7 Rc4 20. Qb7 bxa4 21. Qd5+ Kh8 22.
Qxc4 Qb6+ 23. Kh1 Qb7 24. Rxa4 Qd7 25. Rxa6 Qb7 26. Qc6 Qb8 27. f5 e6 28. Qxd6 Qb5
29. Rd1 Qe2 30. Qd3 Qh5 31. Qf3 Qh4 32. Rxe6 Kg8 33. Be3 gxf5 34. exf5 Qa4 35. Qd5
Kh8 36. Rxe5 Bxe5 37. Qxe5+ Kg8 38. Qd5+ Kg7 39. Qd7+ Qxd7 40. Rxd7+ Kf6 41. Rxh7
Rd8 42. Bd4+ Kg5 43. f6 Kf4 44. f7 Kg3 45. Rg7+ Kf4 46. Rg8 Rd5 47. f8=Q+ Ke4 48.
Qf3#  1-0

[Event "British Chess Championships 2023: First Rapidplay Open"]
[Site "The Venue, De Montfort University, 20 Western Boulevard, Leicester, LE2 7BU"]
[Date "2023.07.21"]
[Round "6"]
[Board "17"]
[White "Lawrence-Cade, Jack"]
[Black "Masani, Matthew M"]
[Result "0-1"]
[WhiteElo "1649"]
[BlackElo "1862"]
[PlyCount "0"]
[EventDate "2023.07.21"]
[EventRounds "7"]
[EventCountry "ENG"]

1. d4 Nf6 2. Nc3 d5 3. e4 dxe4 4. Bg5 Bf5 5. f3 Nbd7 6. g4 Bg6 7. h4 h5 8. Qe2 exf3
9. Nxf3 hxg4 10. Ne5 Bh5 11. Bg2 c6 12. O-O-O g3 13. Qc4 Qb6 14. Bf3 Nxe5 15. dxe5
Bxf3 16. exf6 gxf6 17. Be3  0-1

[Event "British Chess Championships 2023: First Rapidplay Open"]
[Site "The Venue, De Montfort University, 20 Western Boulevard, Leicester, LE2 7BU"]
[Date "2023.07.21"]
[Round "6"]
[Board "18"]
[White "Goatcher, Matthew W"]
[Black "Thornley, Oliver"]
[Result "0-1"]
[WhiteElo "1518"]
[BlackElo "1759"]
[PlyCount "0"]
[EventDate "2023.07.21"]
[EventRounds "7"]
[EventCountry "ENG"]

1. c4 f5 2. g3 Nf6 3. Bg2 g6 4. Nc3 Bg7 5. d4 d6 6. e4 fxe4 7. Nxe4 Nxe4 8. Bxe4
O-O 9. Ne2 Nc6 10. O-O Bg4 11. f3 Bf5 12. Be3 Qd7 13. Nf4 Rae8 14. g4 Bxe4 15. fxe4
e5 16. d5 exf4 17. dxc6 Qxc6 18. Bxf4 Rxe4 19. Bg3 Rxf1+ 20. Qxf1 Bd4+ 21. Bf2 Rxg4+
 0-1

[Event "British Chess Championships 2023: First Rapidplay Open"]
[Site "The Venue, De Montfort University, 20 Western Boulevard, Leicester, LE2 7BU"]
[Date "2023.07.21"]
[Round "6"]
[Board "19"]
[White "Patel, Rishi"]
[Black "Al Dakl Alla, Muhammad"]
[Result "1-0"]
[WhiteElo "1733"]
[BlackElo "1410"]
[PlyCount "0"]
[EventDate "2023.07.21"]
[EventRounds "7"]
[EventCountry "ENG"]

1. e4 c6 2. d4 d5 3. Nc3 dxe4 4. Nxe4 Bf5 5. Ng3 Bg6 6. h4 h6 7. h5 Bh7 8. Nf3 Nd7
9. Bd3 Bxd3 10. Qxd3 e6 11. Bf4 Ngf6 12. O-O Nd5 13. Bd2 Bd6 14. Ne4 Qc7 15. Nxd6+
Qxd6 16. c4 N5f6 17. Rfe1 O-O-O 18. Bc3 Nxh5 19. Rad1 Nf4 20. Qe3 Rhg8 21. Ne5 Nxe5
22. Qxf4 Nxc4 23. Qxf7 Rde8 24. a3 Qd5 25. Qg6 Rgf8 26. Qg3 Nd6 27. Re5 Ne4 28. Qxg7
Nxf2 29. Rxd5 exd5 30. Rf1 Nh3+ 31. gxh3 Rg8 32. Rf7 Rxg7+ 33. Rxg7 Rh8 34. Kg2 a6
35. Kg3 Re8 36. Rh7 Re6 37. Rg7 Kb8 38. h4 Ka7 39. h5 Kb6 40. Rg6 Re3+ 41. Kf2 Rh3
42. Rxh6 Kb5 43. Rh7 b6 44. h6 Kc4 45. Kg2 Rh5 46. Rh8 a5 47. h7 b5 48. Rc8 Rxh7
49. Rxc6+ Kd3 50. Bxa5 Kxd4 51. Bc3+ Kd3 52. Bf6 Rb7 53. Kf3 b4 54. a4 Ra7 55. b3
Rf7 56. Kg4 Ke4 57. Kg5 d4 58. Rc4 Rd7 59. Rxb4 Rd5+ 60. Kg4 Rd8 61. Bxd8  1-0

[Event "British Chess Championships 2023: First Rapidplay Open"]
[Site "The Venue, De Montfort University, 20 Western Boulevard, Leicester, LE2 7BU"]
[Date "2023.07.21"]
[Round "6"]
[Board "20"]
[White "Graff, Ben"]
[Black "Moreland, Finlay W"]
[Result "1-0"]
[WhiteElo "1780"]
[BlackElo "1836"]
[PlyCount "0"]
[EventDate "2023.07.21"]
[EventRounds "7"]
[EventCountry "ENG"]

1. e4 g6 2. d4 Bg7 3. Nf3 d6 4. Nc3 Nf6 5. Bd3 O-O 6. O-O c6 7. h3 Nbd7 8. Be3 Re8
9. e5 dxe5 10. dxe5 Nd5 11. Nxd5 cxd5 12. Bd4 Qc7 13. Re1 a6 14. e6 fxe6 15. Bxg7
Kxg7 16. Rxe6 Nc5 17. Re1 e5 18. Bf1 Qd6 19. Bc4 e4 20. Qxd5 Qxd5 21. Bxd5 Bxh3 22.
gxh3 exf3 23. Bxf3 Rad8 24. Rxe8 Rxe8 25. b4 Rf8 26. Bg2 Na4 27. Bxb7 Rb8 28. Bxa6
Rxb4 29. a3 Rb6 30. Bc4 Nc3 31. Bb3 Ra6 32. a4 Ra7 33. Re1 h6 34. Kg2 Kf6 35. Kf3
Kf5 36. h4 g5 37. hxg5 hxg5 38. Ra1 Nb5 39. Rd1 Nc3 40. Rd4 Ke5 41. Rc4 Nb1 42. Ke3
Ra5 43. Re4+ Kf5 44. Rb4 Re5+ 45. Kf3 Nd2+ 46. Kg2 Nxb3 47. cxb3 Re2 48. Kf3 Rb2
49. Rb5+ Kf6 50. a5 g4+ 51. Kxg4 Rxf2 52. a6 Ke6 53. Rb6+ Kd7 54. b4 Kc7 55. Rb7+
Kc8 56. b5 Ra2 57. Kf5 Rf2+ 58. Ke6 Re2+ 59. Kd5 Rd2+ 60. Kc6 Rc2+ 61. Kb6 Rf2 62.
Rc7+ Kd8 63. a7 Rf6+ 64. Kb7  1-0

[Event "British Chess Championships 2023: First Rapidplay Open"]
[Site "The Venue, De Montfort University, 20 Western Boulevard, Leicester, LE2 7BU"]
[Date "2023.07.21"]
[Round "6"]
[Board "21"]
[White "Pradhan, Ayan"]
[Black "Reid, Patrick D"]
[Result "1-0"]
[WhiteElo "1521"]
[BlackElo "1831"]
[PlyCount "0"]
[EventDate "2023.07.21"]
[EventRounds "7"]
[EventCountry "ENG"]

1. e4 e6 2. d4 d5 3. Nd2 Nf6 4. e5 Nfd7 5. f4 c5 6. c3 Nc6 7. Ndf3 f6 8. Bd3 cxd4
9. cxd4 Bb4+ 10. Bd2 O-O 11. Ne2 Qb6 12. O-O fxe5 13. fxe5 Ndxe5 14. Nxe5 Rxf1+ 15.
Kxf1 Nxd4 16. Bxb4 Qxb4 17. Nxd4  1-0

[Event "British Chess Championships 2023: First Rapidplay Open"]
[Site "The Venue, De Montfort University, 20 Western Boulevard, Leicester, LE2 7BU"]
[Date "2023.07.21"]
[Round "6"]
[Board "22"]
[White "Vashisht-Pigem, Raman"]
[Black "Subin, Samvrit"]
[Result "0-1"]
[WhiteElo "1723"]
[BlackElo "1704"]
[PlyCount "0"]
[EventDate "2023.07.21"]
[EventRounds "7"]
[EventCountry "ENG"]

1. e4 c5 2. Nf3 d6 3. Bb5+ Bd7 4. c4 Nf6 5. Nc3 Bxb5 6. cxb5 g6 7. d4 cxd4 8. Nxd4
Bg7 9. O-O O-O 10. Qe2 Nbd7 11. Rd1 a6 12. Bg5 axb5 13. Ndxb5 Qa5 14. Nd5 Nxd5 15.
Rxd5 f6 16. Nxd6 Qa4 17. Nxb7 Nb6 18. Rb5 Qa7 19. Be3 Qxb7 20. Rxb6 Qd7 21. Rd1 Qc7
22. a3 f5 23. exf5 Rxf5 24. Qd3 Raf8 25. Qd7 Qc2 26. Qd2 Qc7 27. Rc1 Qe5 28. Rc5
Qe4 29. Rxf5 Qxf5 30. h3 Rc8 31. Rb7 Be5 32. Qd7 Qb1+  0-1

[Event "British Chess Championships 2023: First Rapidplay Open"]
[Site "The Venue, De Montfort University, 20 Western Boulevard, Leicester, LE2 7BU"]
[Date "2023.07.21"]
[Round "6"]
[Board "23"]
[White "Banerji, Kumar"]
[Black "Venn, Hiren"]
[Result "1/2-1/2"]
[WhiteElo "1773"]
[BlackElo "1795"]
[PlyCount "0"]
[EventDate "2023.07.21"]
[EventRounds "7"]
[EventCountry "ENG"]

1. e4 c6 2. d4 d5 3. Nc3 dxe4 4. Nxe4 Nf6 5. Nxf6+ exf6 6. Nf3 Bd6 7. Bd3 O-O 8.
O-O Bg4 9. Re1 Re8 10. Rxe8+ Qxe8 11. Be3 Nd7 12. c4 c5 13. d5 Ne5 14. Be2 Bxf3 15.
gxf3 f5 16. Qc2 Qd7 17. f4 Ng4 18. Bxg4 fxg4 19. a3 Qc7 20. Qf5 Qc8 21. Qxc8+ Rxc8
22. Rc1 b6 23. Bd2 Re8 24. b4 Re2 25. bxc5 Bxc5 26. Bb4 f5 27. Bxc5 bxc5 28. Rd1
Re8 29. f3 Kf7 30. Kf2 gxf3 31. Kxf3 Re4 32. d6 Ke8 33. Rd5 Rxc4 34. Rxf5 g6 35.
Re5+ Kd7 36. Re7+ Kxd6 37. Rxa7 Ke6 38. Kg4 h5+ 39. Kg5 Rc2 40. Ra6+ Kd5 41. h4 Rg2
42. Kh6 c4 43. Rxg6 Rxg6+ 44. Kxg6 c3 45. f5 c2 46. f6 c1=Q 47. f7 Qc6+ 48. Kg7 Qd7
49. Kg8 Qe6 50. Kg7 Qg4+ 51. Kh7 Qd7 52. Kg8 Qe6 53. Kg7  1/2-1/2

[Event "British Chess Championships 2023: First Rapidplay Open"]
[Site "The Venue, De Montfort University, 20 Western Boulevard, Leicester, LE2 7BU"]
[Date "2023.07.21"]
[Round "6"]
[Board "24"]
[White "Sasikumar, Srivathsan"]
[Black "Mandnikar, Atreya"]
[Result "1-0"]
[WhiteElo "1787"]
[BlackElo "1692"]
[PlyCount "0"]
[EventDate "2023.07.21"]
[EventRounds "7"]
[EventCountry "ENG"]

1. e4 c5 2. Nf3 Nc6 3. d4 cxd4 4. Nxd4 g6 5. c4 Bg7 6. Be3 Nf6 7. Nc3 O-O 8. Be2
d6 9. O-O Bd7 10. Qd2 Qc7 11. Rad1 Ne5 12. f3 Nxc4 13. Bxc4 Qxc4 14. Bh6 Rfd8 15.
Bxg7 Kxg7 16. Qe3 Qb4 17. Rf2 Re8 18. a3 Qb6 19. h3 Rac8 20. f4 e5 21. fxe5 dxe5
22. Nc2 Qxb2 23. Qf3 Re6 24. Nd4 Qxc3 25. Nxe6+ Bxe6 26. Qxf6+ Kg8 27. Rfd2 h5 28.
Rd8+ Kh7 29. Qh8#  1-0

[Event "British Chess Championships 2023: First Rapidplay Open"]
[Site "The Venue, De Montfort University, 20 Western Boulevard, Leicester, LE2 7BU"]
[Date "2023.07.21"]
[Round "7"]
[Board "1"]
[White "Ledger, Andrew J"]
[Black "Dong, Bao Nghia"]
[Result "1/2-1/2"]
[WhiteElo "2378"]
[BlackElo "2351"]
[PlyCount "0"]
[EventDate "2023.07.21"]
[EventRounds "7"]
[EventCountry "ENG"]

1. d4 Nf6 2. c4 g6 3. Nc3 Bg7 4. e4 d6 5. f3 Nbd7 6. Bg5 c6 7. Qd2 Qc7 8. Bh6 Bxh6
9. Qxh6 b6 10. Bd3 Bb7 11. Nge2 e5 12. O-O O-O-O 13. d5 Kb8 14. b4 Rdg8 15. Qe3 Qd8
16. a4 c5 17. Rfb1 cxb4 18. Rxb4 a5 19. Rb2 Nc5 20. Rab1 Nfd7 21. Nc1 Rf8 22. Nb3
f5 23. Nxc5 dxc5 24. d6 Rf6 25. exf5 gxf5 26. Nd5 Bxd5 27. cxd5 Rxd6 28. Bxf5 Ka7
29. Bxd7 Qxd7 30. Qxe5 Re8 31. Qc3 Qxa4 32. Qg7+ Ka6 33. Qc7 Qd4+ 34. Kf1 Qd3+ 35.
Kf2 Qd4+ 36. Kf1 Qd3+ 37. Kf2 Qd4+  1/2-1/2

[Event "British Chess Championships 2023: First Rapidplay Open"]
[Site "The Venue, De Montfort University, 20 Western Boulevard, Leicester, LE2 7BU"]
[Date "2023.07.21"]
[Round "7"]
[Board "2"]
[White "Subramanian, Anusha"]
[Black "Han, Yichen"]
[Result "0-1"]
[WhiteElo "1808"]
[BlackElo "2530"]
[PlyCount "0"]
[EventDate "2023.07.21"]
[EventRounds "7"]
[EventCountry "ENG"]

1. b3 d5 2. Bb2 Nf6 3. Nf3 Bg4 4. e3 Nbd7 5. h3 Bh5 6. g4 Bg6 7. d3 c6 8. Ne5 Nxe5
9. Bxe5 Nd7 10. Bb2 e5 11. Nd2 Bd6 12. Qe2 Qe7 13. O-O-O O-O-O 14. h4 h5 15. g5 Kb8
16. Kb1 Ba3 17. f4 Bxb2 18. Kxb2 exf4 19. exf4 Qb4 20. Qf2 Nc5 21. Nb1 Bf5 22. a3
Qb6 23. Qd2 Ne6 24. Bh3 Nd4 25. Bxf5 Nxf5 26. Rde1 Rhe8 27. Qc3 Qc7 28. Qd2 Rxe1
29. Rxe1 Nxh4 30. Rh1 Ng6 31. f5 Qe5+ 32. d4 Qxf5 33. Rxh5 Nf4 34. Rh4 Ne6 35. Qh2+
Ka8 36. Rh8 Qxg5 37. Rxd8+ Qxd8 38. Qf2 Qe7 39. Nd2 g5 40. Qf5 Qc7 41. Nf3 Qf4 42.
Qxf4 gxf4 43. Kc3 f6 44. Kd3 Kb8 45. Nh4 Kc7 46. Nf5 Kd7 47. Ke2 Ng5 48. Nh4 Ke6
49. c4 Ne4 50. Kf3 Nd2+ 51. Kxf4 Nxb3 52. cxd5+ Kxd5 53. Kf5 Nxd4 54. Kxf6 c5 55.
Ng6 c4 56. Ne5 c3 57. Nd3 Kc4 58. Nc1 Nb3 59. Ne2 c2 60. Ke5 Kd3 61. Nf4+ Kd2  0-1

[Event "British Chess Championships 2023: First Rapidplay Open"]
[Site "The Venue, De Montfort University, 20 Western Boulevard, Leicester, LE2 7BU"]
[Date "2023.07.21"]
[Round "7"]
[Board "3"]
[White "Matlak, Oleksandr"]
[Black "Badacsonyi, Stanley"]
[Result "1-0"]
[WhiteElo "2155"]
[BlackElo "2187"]
[PlyCount "0"]
[EventDate "2023.07.21"]
[EventRounds "7"]
[EventCountry "ENG"]

1. c4 Nf6 2. Nf3 g6 3. Nc3 Bg7 4. g3 d6 5. Bg2 O-O 6. O-O c5 7. d4 Nc6 8. d5 Na5
9. Nd2 a6 10. Qc2 Rb8 11. a4 e6 12. b3 exd5 13. cxd5 b5 14. axb5 axb5 15. Bb2 b4
16. Nd1 Re8 17. e4 Bd7 18. Ne3 Ra8 19. Rfe1 Bb5 20. f4 Qb6 21. Kh1 Rac8 22. e5 Nd7
23. e6 Nf6 24. f5 fxe6 25. fxg6 e5 26. gxh7+ Kh8 27. Ndc4 Nxc4 28. bxc4 Bd7 29. Qg6
Rf8 30. Rf1 Be8 31. Qg5 Nxh7 32. Qg4 Rc7 33. Be4 Nf6 34. Qh4+ Kg8 35. Bf5 Bf7 36.
g4 Be8 37. g5 Nh5 38. Be6+ Kh8 39. Rxf8+ Bxf8 40. Ra8 Bg6 41. Rxf8+ Kg7 42. Rg8+
Kh7 43. Rxg6 Kxg6 44. Bf5+ Kg7 45. Qxh5 Kg8 46. Be6+ Kf8 47. Qh8+  1-0

[Event "British Chess Championships 2023: First Rapidplay Open"]
[Site "The Venue, De Montfort University, 20 Western Boulevard, Leicester, LE2 7BU"]
[Date "2023.07.21"]
[Round "7"]
[Board "4"]
[White "Wells, Tony D"]
[Black "Poulton, James R"]
[Result "0-1"]
[WhiteElo "2026"]
[BlackElo "2304"]
[PlyCount "0"]
[EventDate "2023.07.21"]
[EventRounds "7"]
[EventCountry "ENG"]

1. c4 Nf6 2. Nf3 d6 3. g3 g6 4. Bg2 Bg7 5. O-O O-O 6. d4 c6 7. Nc3 Qa5 8. e4 Bg4
9. Be3 Qh5 10. h3 Bxh3 11. Ng5 Qxd1 12. Rfxd1 Bxg2 13. Kxg2 Nbd7 14. f4 e6 15. d5
exd5 16. cxd5 c5 17. Kf3 a6 18. a4 h5 19. Re1 Rfe8 20. Bd2 Ng4 21. b3 Rac8 22. Rac1
Bh6 23. Nh3 c4 24. b4 Nge5+ 25. fxe5 Bxd2 26. Nf4 Nxe5+ 27. Ke2 Bxe1 28. Rxe1 Kg7
29. Ke3 Rh8 30. Rh1 Rh6 31. Kd4 Rch8 32. Nd1 h4 33. Ne3 hxg3 34. Rc1 Rc8 35. Kc3
Rh4 36. Neg2 Rh2 37. Rg1 Rch8 38. Ne3 Rf2 39. Nxg6  0-1

[Event "British Chess Championships 2023: First Rapidplay Open"]
[Site "The Venue, De Montfort University, 20 Western Boulevard, Leicester, LE2 7BU"]
[Date "2023.07.21"]
[Round "7"]
[Board "5"]
[White "Raju, Sooraj Menothuparambil"]
[Black "Brewer, Callum D"]
[Result "1-0"]
[WhiteElo "2237"]
[BlackElo "2071"]
[PlyCount "0"]
[EventDate "2023.07.21"]
[EventRounds "7"]
[EventCountry "ENG"]

1. a3 d5 2. h3 e5 3. d3 Nc6 4. g3 f5 5. Bg2 Nf6 6. e3 Be6 7. Ne2 Qd7 8. b4 a6 9.
Nd2 Qf7 10. Bb2 Bd6 11. Nf3 h6 12. d4 e4 13. Ne5 Bxe5 14. dxe5 Nd7 15. Nd4 Ncxe5
16. O-O O-O 17. f4 Nc4 18. Bc1 Nf6 19. Rf2 Bd7 20. Bf1 Nd6 21. Rg2 b6 22. Bb2 c5
23. bxc5 bxc5 24. Nb3 Rfc8 25. Be5 Nc4 26. Bxc4 dxc4 27. Na5 Be6 28. g4 fxg4 29.
hxg4 Rd8 30. Qe2 Nxg4 31. Rxg4 Bxg4 32. Qxg4 Rd2 33. Nxc4 Rxc2 34. Nd6 Qf8 35. Qe6+
Kh7 36. f5 Rb8 37. Qg6+ Kg8 38. f6 Rb3 39. f7+  1-0

[Event "British Chess Championships 2023: First Rapidplay Open"]
[Site "The Venue, De Montfort University, 20 Western Boulevard, Leicester, LE2 7BU"]
[Date "2023.07.21"]
[Round "7"]
[Board "6"]
[White "Kueh, Audrey"]
[Black "Lee, Alexandre Km"]
[Result "1-0"]
[WhiteElo "2093"]
[BlackElo "1534"]
[PlyCount "0"]
[EventDate "2023.07.21"]
[EventRounds "7"]
[EventCountry "ENG"]

1. e4 e6 2. d4 d5 3. Nd2 Nf6 4. e5 Nfd7 5. Bd3 c5 6. c3 Nc6 7. Ne2 cxd4 8. cxd4 f6
9. exf6 Nxf6 10. Nf3 Qc7 11. O-O Bd6 12. Bg5 O-O 13. Rc1 Nh5 14. Bb1 Qf7 15. Rc3
Bd7 16. Re1 Bb4 17. Qc2 g6 18. a3 Bxc3 19. Nxc3 Nf4 20. Re3 e5 21. dxe5 d4 22. Bxf4
Qxf4 23. Re4 Qf5 24. Nd5 Be6 25. Nf6+ Rxf6 26. exf6 Qxf6 27. Qd2 Rf8 28. b4 Bd5 29.
Ba2 Qf7 30. Ng5 Qd7 31. Rh4 h5 32. b5 Ne7 33. Rxd4 Rf5 34. Ne4 Qxb5 35. Nc3 Qc6 36.
Nxd5 Nxd5 37. Bxd5+  1-0

[Event "British Chess Championships 2023: First Rapidplay Open"]
[Site "The Venue, De Montfort University, 20 Western Boulevard, Leicester, LE2 7BU"]
[Date "2023.07.21"]
[Round "7"]
[Board "7"]
[White "Fellowes, Billy"]
[Black "Moore, Gerald"]
[Result "1-0"]
[WhiteElo "1941"]
[BlackElo "2119"]
[PlyCount "0"]
[EventDate "2023.07.21"]
[EventRounds "7"]
[EventCountry "ENG"]

1. e4 c5 2. Nf3 Nc6 3. Bb5 Nf6 4. Nc3 g6 5. Bxc6 dxc6 6. h3 Bg7 7. O-O O-O 8. d3
Ne8 9. Be3 b6 10. Qd2 Nc7 11. Bh6 Ne6 12. Bxg7 Kxg7 13. Ne2 Nd4 14. Nexd4 cxd4 15.
c3 dxc3 16. Qxc3+ Kg8 17. Qxc6 Ba6 18. Rfd1 Qc8 19. Qxc8 Raxc8 20. Ne1 Rc7 21. Rac1
Rfc8 22. Rxc7 Rxc7 23. f4 f6 24. Kf2 Kf7 25. Ke3 e5 26. fxe5 fxe5 27. Nf3 Rc5 28.
d4 exd4+ 29. Rxd4 Ke7 30. Rd2 Bb7 31. h4 Rc1 32. Kf4 Rc4 33. Rd7+ Kxd7 34. Ne5+ Kd6
35. Nxc4+ Kc5 36. Ne3 Kd4 37. e5 Bc8 38. g4 Be6 39. Nc2+ Kc5 40. b3 a5 41. h5 b5
42. hxg6 hxg6 43. Kg5 Kd5 44. Kf6 Bc8 45. g5 a4 46. bxa4 bxa4 47. Nb4+ Kc5 48. Nd3+
Kd4 49. Nf4 Kc3 50. Nxg6 Kb2 51. Ne7  1-0

[Event "British Chess Championships 2023: First Rapidplay Open"]
[Site "The Venue, De Montfort University, 20 Western Boulevard, Leicester, LE2 7BU"]
[Date "2023.07.21"]
[Round "7"]
[Board "8"]
[White "Honarvarmahalati, Hooman"]
[Black "Ledger, Stephen C"]
[Result "0-1"]
[WhiteElo "1862"]
[BlackElo "2097"]
[PlyCount "0"]
[EventDate "2023.07.21"]
[EventRounds "7"]
[EventCountry "ENG"]

1. e4 c5 2. Nc3 Nc6 3. Bb5 Nd4 4. Nf3 Nxb5 5. Nxb5 d5 6. exd5 a6 7. Nc3 Nf6 8. d4
c4 9. O-O Nxd5 10. Ne4 e6 11. a4 Bd7 12. a5 Be7 13. c3 O-O 14. Ne5 Rc8 15. Qe2 Bb5
16. Bd2 Bf6 17. f4 g6 18. Rf3 Bg7 19. Rh3 f6 20. Nf3 Qc7 21. Nc5 Rfe8 22. Rh4 Bf8
23. Qe4 Bxc5 24. dxc5 Qxc5+ 25. Kh1 Bc6 26. Qe1 Qd6 27. Rd1 Qc7 28. Qg3 Ne7 29. Nd4
Nf5 30. Nxf5 exf5 31. Be3 Rcd8 32. Bd4 Re2 33. Rg1 Qe7 34. Qh3 Rd5 35. Rh6 Rxa5 36.
Qh4 Rxg2 37. Rxg2 Ra1+ 38. Bg1 Qe3 39. Qxf6 Qxg1#  0-1

[Event "British Chess Championships 2023: First Rapidplay Open"]
[Site "The Venue, De Montfort University, 20 Western Boulevard, Leicester, LE2 7BU"]
[Date "2023.07.21"]
[Round "7"]
[Board "9"]
[White "Agrawal, Shivam"]
[Black "Talbot, Mark A"]
[Result "1/2-1/2"]
[WhiteElo "1998"]
[BlackElo "2058"]
[PlyCount "0"]
[EventDate "2023.07.21"]
[EventRounds "7"]
[EventCountry "ENG"]

1. d4 d5 2. c4 c6 3. Nc3 Nf6 4. Nf3 a6 5. cxd5 cxd5 6. Bf4 Nc6 7. e3 g6 8. Bd3 Bg7
9. O-O O-O 10. Rc1 Bg4 11. h3 Bxf3 12. Qxf3 Qa5 13. a3 Rac8 14. g4 e6 15. Qe2 Rfe8
16. Na2 Nd7 17. Qe1 Qb6 18. Qd2 e5 19. dxe5 Ndxe5 20. Be2 d4 21. exd4 Nxd4 22. Rxc8
Rxc8 23. Bxe5 Bxe5 24. Nb4 Qe6 25. Re1 a5 26. Nd3 Rc2 27. Qe3 Rxe2 28. Rxe2 Nxe2+
29. Qxe2 Bh2+ 30. Kf1 Qd5 31. f3 Bd6 32. Kg2 b5 33. Qe8+ Kg7 34. Qe4 Qxe4 35. fxe4
Kf6 36. Kf3 Ke6 37. Ke3 g5 38. Kd4 b4 39. axb4 axb4 40. b3 f6 41. Nc5+ Bxc5+ 42.
Kxc5 Ke5 43. Kxb4 Kxe4 44. Kc5 f5 45. gxf5 Kxf5 46. b4 h5 47. b5 g4 48. hxg4 hxg4
49. b6 g3 50. b7 g2 51. b8=Q g1=Q+ 52. Kc6 Qc1+ 53. Kd7 Qd2+  1/2-1/2